00460nam a2200085Ia 4500008004100000245002200041300024200063650001600305856005300321170517s9999 xx 000 0 und d aHannah's Anecdote aThis is a film about Hannah Bradley who was diagnosed with an aggressive brain tumour in 2011, age 26. Even after surgery and radiotherapy, Hannah's future was still severely limited. Her partner Pete Cohen searched for a solution and... xTechnology. uhttp://topdocumentaryfilms.com/hannahs-anecdote/